000 00357nam a2200145Ia 4500
008 160319s9999 xx 000 0 und d
020 _a9711303337
050 _bM357i 2001
100 _aMarquez, Servillano T.
245 _aIbong Adarna :
245 _bSanayang aklat /
260 _bJ.C Palabay Enterprises
260 _c2001
300 _a232 pages :
999 _c292304
_d292304